Bài giảng thống kê kinh tế Kế toán quốc gia
Сохранить в:
| Главный автор: | |
|---|---|
| Формат: | |
| Язык: | Undetermined |
| Опубликовано: |
Tp. HCM
Trường Đại học Kinh tế Tp. HCM
1995
|
| Предметы: | |
| Метки: |
Добавить метку
Нет меток, Требуется 1-ая метка записи!
|
| Thư viện lưu trữ: | Trung tâm Học liệu Trường Đại học Cần Thơ |
|---|
| LEADER | 00629nam a2200205Ia 4500 | ||
|---|---|---|---|
| 001 | CTU_36 | ||
| 008 | 210402s9999 xx 000 0 und d | ||
| 020 | |b 10.000đ | ||
| 082 | |a 330.1543 | ||
| 082 | |b L561 | ||
| 100 | |a Lê, Lương | ||
| 245 | 0 | |a Bài giảng thống kê kinh tế | |
| 245 | 0 | |b Kế toán quốc gia | |
| 245 | 0 | |c Lê Lương, Dư Quang Nam | |
| 260 | |a Tp. HCM | ||
| 260 | |b Trường Đại học Kinh tế Tp. HCM | ||
| 260 | |c 1995 | ||
| 650 | |a economics, mathematical | ||
| 904 | |i Nguyễn Quang Điền, 961012 | ||
| 980 | |a Trung tâm Học liệu Trường Đại học Cần Thơ | ||